Lịch sử sử học thế giới : Sơ giản /

Trình bày lịch sử sử học thế giới: thời cổ đại, trung đại, cận đại và hiện đại

Wedi'i Gadw mewn:
Manylion Llyfryddiaeth
Awduron Eraill: Phan Ngọc Liên (ch.b.), Đỗ Thanh Bình (ch.b.), Văn Ngọc Thành (b.s.), Trần Vĩnh Tường (b.s.)
Fformat: Llyfr
Iaith:Vietnamese
Cyhoeddwyd: H. : Đại học Sư phạm, 2009.
Pynciau:
Tagiau: Ychwanegu Tag
Dim Tagiau, Byddwch y cyntaf i dagio'r cofnod hwn!
Thư viện lưu trữ: Mạng thư viện Đại học Đà Nẵng
LEADER 01341aam a22003498a 4500
001 000016676
003 13079
005 20181005092819.0
008 121203s2009 viesd
020 |c 24000đ  |d 1000b 
041 0 |a vie 
082 1 4 |2 14  |a 909  |b Lic 
245 0 0 |a Lịch sử sử học thế giới :  |b Sơ giản /  |c B.s.: Phan Ngọc Liên, Đỗ Thanh Bình (đồng ch.b.), Trần Vĩnh Tường.. 
260 |a H. :  |b Đại học Sư phạm,  |c 2009. 
300 |a 235 tr. ;  |c 21 cm. 
504 |a Thư mục: tr 174. - Phụ lục: tr. 175-191 
520 |a Trình bày lịch sử sử học thế giới: thời cổ đại, trung đại, cận đại và hiện đại 
650 7 |a Lịch sử  |z Thế giới 
700 1 |a Phan Ngọc Liên  |e ch.b. 
700 1 |a Đỗ Thanh Bình  |e ch.b. 
700 1 |a Văn Ngọc Thành  |e b.s. 
700 1 |a Trần Vĩnh Tường  |e b.s. 
OWN |a LSP 
AVA |a UDN50  |b LSP  |d 909 Lic  |e check_holdings  |t Error 5003 Not defined in file expand_doc_bib_avail.  |h N  |k 1 
999 |a From the UDN01 
AVA |a UDN50  |b LSP  |d 909 Lic  |e available  |t Error 5001 Not defined in file expand_doc_bib_avail.  |f 15  |g 0  |h N  |i 13  |k 1 
TYP |a Monograph 
TYP |a Printed language 
980 |a Mạng thư viện Đại học Đà Nẵng